Etude de la population africaine : African population studies.

Bibliographic Details
Uniform Title:Etude de la population africaine (Online)
Corporate Author: Union for African Population Studies
Format: Journal
Language:English
French
Language Notes:In English and French.
Published: Dakar, Senegal : Union for African Population Studies.
Subjects:
Online Availability: Check for online availability

MARC

Tag First Indicator Second Indicator Subfields
LEADER 00000cas a2200000 a 4500
001 in00001833821
005 20151026054511.0
006 m d
007 cr mnu--------
008 030528c19889999sg fr pss 0 0eng d
010 |a  2003252597 
022 |y 0850-5780 
035 |a (OCoLC)ocm52333319 
040 |a BUF  |c BUF  |d WAU  |d OCLCQ  |d CUS  |d UtOrBLW 
041 0 |a eng  |a fre 
042 |a lcd 
043 |a f------ 
049 |a TXAM 
050 1 4 |a HB3661.A3  |b .E86 
130 0 |a Etude de la population africaine (Online) 
245 1 0 |a Etude de la population africaine :  |b African population studies. 
246 3 1 |a African population studies 
264 1 |a Dakar, Senegal :  |b Union for African Population Studies. 
310 |a Semiannual,  |b <2002-> 
336 |a text  |b txt  |2 rdacontent 
337 |a computer  |b c  |2 rdamedia 
338 |a online resource  |b cr  |2 rdacarrier 
362 1 |a Print began with Oct. 1988. 
500 |a Description based on: Volume 17, number 1 (Apr. 2002); title from Bioline HTML article caption (viewed July 17, 2003). 
500 |a Latest issue consulted: Volume 18, number 1 (Apr. 2003) (viewed July 17, 2003). 
530 |a Online version of the print publication. 
538 |a Mode of access: World Wide Web. 
546 |a In English and French. 
500 |a Electronic resource. 
651 0 |a Africa  |x Population  |v Periodicals. 
710 2 |a Union for African Population Studies. 
776 1 |t Etude de la population africaine  |x 0850-5780  |w (DLC) 00378687  |w (OCoLC)44189653 
948 |a cataloged  |b h  |c 2004/4/20  |d c  |e bsurratt  |f 10:33:36 am 
994 |a E0  |b TXA 
999 |a MARS 
999 f f |s 904276e2-e57f-3131-896e-98b7b3620e07  |i a8636434-a56d-31c4-865b-8131856a0aa8  |t 0 
952 f f |a Texas A&M University  |b College Station  |c Electronic Resources  |d Available Online  |t 0  |e HB3661.A3 .E86  |g Electronic  |h Library of Congress classification 
998 f f |a HB3661.A3 .E86  |t 0  |l Available Online